000 00364 a2200133 4500
020 _a9701865634 (pbk.)
020 _a9789701865637 (pbk.)
041 _aspa
100 _aRed Nacional de Bibliotecas (Mexico)
245 _aLos Catalogos de la biblioteca publica
300 _a 85 p. : il.
_c21 cm
440 _aLos Catalogos de la biblioteca publica
942 _cBK
999 _c21033
_d21033